Principles of the law of evidence (Record no. 15711)

MARC details
000 -LEADER
fixed length control field 00482nam a2200181Ia 4500
008 - FIXED-LENGTH DATA ELEMENTS--GENERAL INFORMATION
fixed length control field 230917s9999||||xx |||||||||||||| ||und||
020 ## - ISBN
Price RS400
040 ## - CATALOGING SOURCE
-- 227959
Original cataloging agency VIVEKANANDA LIBRARY
041 ## - Language
-- English
082 ## - DDC NUMBER
Classification number 345.06 A92P(21)
100 ## - MAIN ENTRY--PERSONAL NAME
Personal name Avtar Singh
245 #0 - TITLE STATEMENT
Title Principles of the law of evidence
250 ## - EDITION STATEMENT
Edition statement 21st ed.
260 ## - PUBLICATION, DISTRIBUTION, ETC. (IMPRINT)
Place of publication, distribution, etc Allahabad
Name of publisher, distributor, etc Central Law Publications
Date of publication, distribution, etc 2014
300 ## - PHYSICAL DESCRIPTION
Pages 608 p.
500 ## - GENERAL NOTE
General note 2086 26/08/2015 KB15/115 11/09/2015 Main Budget
942 ## - ADDED ENTRY ELEMENTS (KOHA)
Koha item type Books
Holdings
Withdrawn status Lost status Damaged status Not for loan Location (home branch) Sublocation or collection (holding branch) Date acquired Koha issues (times borrowed) Koha full call number Accession No. Koha date last seen Koha item type
        VIVEKANANDA LIBRARY VIVEKANANDA LIBRARY 06/11/2015 1 345.06 A92P(21) 343809 20/05/2025 Books
        VIVEKANANDA LIBRARY VIVEKANANDA LIBRARY 06/11/2015   345.06 A92P(21) 343810 17/09/2023 Books
        VIVEKANANDA LIBRARY VIVEKANANDA LIBRARY 06/11/2015   345.06 A92P(21) 343811 17/09/2023 Books
        VIVEKANANDA LIBRARY VIVEKANANDA LIBRARY 06/11/2015   345.06 A92P(21) 343812 17/09/2023 Books
        VIVEKANANDA LIBRARY VIVEKANANDA LIBRARY 06/11/2015 1 345.06 A92P(21) 343813 28/04/2025 Books
© Designed and Maintained by Vivekananda Library, MDU Rohtak